000 00550 a2200193 4500
001 42252
005 20260407155712.0
008 260407a1964 arg spa d
003 AR-UNSa-BCEJYS
040 _aAR-UNSa-BCEJYS
_bspa
_cAR-UNSa-BCEJYS
080 _a349.2
_xDerecho del Trabajo
245 1 0 _aTratado de derecho del trabajo
264 1 _aBuenos Aires :
_bLa Ley
_c1964
300 _a5 v. (647 ; 613 ; 704 ; 728 ; 762 p.)
_c25 cm.
041 _aspa
942 _cBK
590 _aniveau_biblio:m niveau_hierar:0
100 1 _aDeveali, Mario L.
999 _c3588
_d3588